[Event "Landesklasse West 2024/25"]
[Site "?"]
[Date "2025.03.02"]
[Round "6.6"]
[White "Klein, Matthias"]
[Black "Häfner, Jaime"]
[Result "0-1"]
[WhiteElo "1581"]
[BlackElo "1581"]
[PlyCount "140"]
[EventDate "2024.09.15"]
[EventType "team-tourn"]
[EventRounds "9"]
[WhiteTeam "SV Ammern"]
[BlackTeam "SC Rochade Steinbach-Hallenberg"]

{[%evp 0,140,23,23,23,-11,-7,-18,22,30,16,11,25,17,-7,6,3,21,15,16,16,16,31,6,2,-27,-37,-77,-93,-115,-28,-46,-81,-69,-62,-178,-62,-79,-25,-37,-38,-17,-45,-35,-19,-30,-21,-50,0,0,12,0,0,-38,12,-3,45,-83,-90,-92,-90,-88,-107,-107,-112,-121,-115,-118,-124,-147,-71,-82,-83,-110,-95,-108,-113,-112,-105,-144,-103,-101,-117,-118,-122,-131,-72,-122,-113,-211,-211,-252,-261,-284,-244,-305,-149,-144,-144,-160,-160,-160,-160,-160,-160,-160,-160,-160,-167,-243,-252,-251,-214,-299,-258,-266,-255,-278,-272,-291,-285,-318,-169,-237,-224,-447,-518,-630,-672,-620,-660,-660,-706,-687,-710,-710,-648,-649,-685,-743,-710,-710,-1670]} 1. Nf3 d5 2. g3 Bf5 3. Bg2 c6 4. d3 Nf6 5. O-O e6 6. Nbd2 Nbd7 7. Re1 Be7 8. e4 dxe4 9. dxe4 Bg6 10. e5 Nd5 11. a3 O-O 12. c4 N5b6 13. b4 a5 14. b5 Qc7 15. Bb2 Nc5 16. Bd4 Rfd8 17. Nb3 Nxb3 18. Qxb3 c5 19. Be3 Rd3 20. Qa2 Rad8 21. Bf1 Rc3 22. Rac1 Rxc1 23. Rxc1 Be4 24. Nd2 Bd3 25. f4 Bxf1 26. Kxf1 Rd3 27. Ke2 Qd7 28. Ne4 Rxe3+ 29. Kxe3 Qd4+ 30. Kf3 Qd3+ 31. Kf2 Qxe4 32. Qe2 Qd4+ 33. Kf3 Kf8 34. Qe4 Qxe4+ 35. Kxe4 f6 36. g4 Ke8 37. h3 Kf7 38. Rc2 g6 39. f5 exf5+ 40. gxf5 gxf5+ 41. Kxf5 fxe5 42. Kxe5 Nd7+ 43. Kf5 Bf6 44. a4 Nb6 45. Rd2 Bd4 46. Rc2 h6 47. h4 Nc8 48. h5 Nd6+ 49. Kg4 Kf6 50. Rc1 Ke5 51. Re1+ Kf6 52. Rf1+ Ke7 53. Re1+ Kd7 54. Re2 Nxc4 55. Kf5 Be3 56. Kg6 Bg5 57. Rc2 Ne5+ 58. Kf5 Kd6 59. Re2 Nd7 60. Re1 Nb6 61. Rd1+ Kc7 62. Ke6 c4 63. Rg1 c3 64. Rxg5 hxg5 65. h6 c2 66. h7 c1=Q 67. h8=Q Qc4+ 68. Kf5 Qf4+ 69. Ke6 Qe4+ 70. Kf7 Qf5+ 0-1

[Event "Landesklasse West 2024/25"]
[Site "?"]
[Date "2025.03.02"]
[Round "6.8"]
[White "Kampfhenkel, Ulrich"]
[Black "Gandera, Pauline"]
[Result "1/2-1/2"]
[WhiteElo "1912"]
[BlackElo "1455"]
[PlyCount "35"]
[EventDate "2024.09.15"]
[EventType "team-tourn"]
[EventRounds "9"]
[WhiteTeam "SV Ammern"]
[BlackTeam "SC Rochade Steinbach-Hallenberg"]

{[%evp 0,35,23,21,42,48,56,76,73,61,61,58,98,92,103,107,62,47,42,42,67,33,39,33,27,-5,6,-11,-8,-28,-9,-24,-27,-28,-25,-37,-20,-25]} 1. e4 d5 2. exd5 Qxd5 3. Nc3 Qa5 4. d4 Nf6 5. Bd2 c6 6. Bc4 Qc7 7. Nf3 Bf5 8. Ne5 e6 9. g4 Be4 10. f3 Bd5 11. Bxd5 Nxd5 12. Nxd5 cxd5 13. Qe2 Nc6 14. Nxc6 Qxc6 15. O-O-O Bd6 16. Kb1 Rc8 17. Bc1 Qc4 18. Qxc4 1/2-1/2

[Event "Landesklasse West 2024/25"]
[Site "?"]
[Date "2025.03.02"]
[Round "6.2"]
[White "Lehmann, Peter"]
[Black "Roth, Ralf"]
[Result "1/2-1/2"]
[WhiteElo "1910"]
[BlackElo "1839"]
[PlyCount "49"]
[EventDate "2024.09.15"]
[EventType "team-tourn"]
[EventRounds "9"]
[WhiteTeam "ESV Lok Meiningen"]
[BlackTeam "Randspringer Bad Salzungen"]

1. d4 Nf6 2. Nf3 g6 3. e3 Bg7 4. c4 d6 5. Nc3 O-O 6. Be2 Nc6 7. O-O e5 8. d5 Ne7 9. e4 Ne8 10. Nd2 f5 11. exf5 gxf5 12. Nf3 h6 13. g3 Ng6 14. Ne1 f4 15. Bg4 Bxg4 16. Qxg4 Kh7 17. Ne4 Nf6 18. Nxf6+ Qxf6 19. Bd2 Qf5 20. Qxf5 Rxf5 21. Ng2 Raf8 22. g4 R5f7 23. f3 Bf6 24. Rfe1 h5 25. h3 1/2-1/2

[Event "Landesklasse West 2024/25"]
[Site "?"]
[Date "2025.03.02"]
[Round "6.3"]
[White "Burkhardt, Christian"]
[Black "Lehmann, Georg"]
[Result "1/2-1/2"]
[WhiteElo "1683"]
[BlackElo "1682"]
[PlyCount "25"]
[EventDate "2024.09.15"]
[EventType "team-tourn"]
[EventRounds "9"]
[WhiteTeam "Randspringer Bad Salzungen"]
[BlackTeam "ESV Lok Meiningen"]

{[%evp 0,25,16,16,32,-3,39,42,42,49,21,40,14,-7,-7,-12,-14,-14,-11,-10,-4,-45,-30,-49,-24,-47,-17,-49]} 1. d4 d5 2. c4 c6 3. Nf3 Nf6 4. e3 Bf5 5. cxd5 cxd5 6. Qb3 Qc7 7. Nc3 e6 8. Bd2 a6 9. Rc1 Nc6 10. a3 Bd6 11. Be2 Rc8 12. h3 Na5 13. Qa2 1/2-1/2

[Event "Landesklasse West 2024/25"]
[Site "?"]
[Date "2025.03.02"]
[Round "6.4"]
[White "Grube, Paul"]
[Black "Feldmann, Bernd"]
[Result "1/2-1/2"]
[WhiteElo "1583"]
[BlackElo "1822"]
[PlyCount "56"]
[EventDate "2024.09.15"]
[EventType "team-tourn"]
[EventRounds "9"]
[WhiteTeam "ESV Lok Meiningen"]
[BlackTeam "Randspringer Bad Salzungen"]

1. e4 e6 2. d4 d5 3. exd5 exd5 4. Nf3 Bd6 5. Nc3 c6 6. Be3 Bf5 7. Bd3 Ne7 8. O-O O-O 9. Re1 Re8 10. Na4 Nd7 11. Nc5 Bxc5 12. dxc5 Qa5 13. Qd2 Qxd2 14. Nxd2 Bxd3 15. cxd3 Nf5 16. d4 Nxe3 17. Rxe3 Rxe3 18. fxe3 Re8 19. Kf2 Nf6 20. Kf3 Kf8 21. Re1 Ne4 22. Nb3 Ke7 23. Na5 Rb8 24. Nc4 f5 25. Na5 Kd7 26. Nb3 Re8 27. Ke2 f4 28. Rf1 g5 1/2-1/2

[Event "Landesklasse West 2024/25"]
[Site "?"]
[Date "2025.03.02"]
[Round "6.5"]
[White "Wiefel, Erik"]
[Black "Semisch, Helga"]
[Result "1-0"]
[WhiteElo "1619"]
[BlackElo "1109"]
[PlyCount "82"]
[EventDate "2024.09.15"]
[EventType "team-tourn"]
[EventRounds "9"]
[WhiteTeam "Randspringer Bad Salzungen"]
[BlackTeam "ESV Lok Meiningen"]

{[%evp 0,82,16,-3,49,14,16,11,1,-20,21,-17,-22,-18,21,17,5,8,34,4,34,-1,5,-9,6,-4,89,52,92,92,143,148,133,133,139,152,164,159,203,164,193,204,218,221,251,215,290,275,362,351,415,353,389,327,327,340,375,314,361,368,500,507,507,423,418,356,399,373,387,357,346,356,362,248,271,271,284,282,346,353,390,388,393,412,850]} 1. c4 c6 2. g3 d5 3. cxd5 cxd5 4. Bg2 e6 5. e3 Bd6 6. d4 f5 7. Nf3 Nf6 8. Nc3 a6 9. O-O O-O 10. Bd2 Nc6 11. a3 Rb8 12. Rc1 b5 13. Nxb5 axb5 14. Rxc6 Bb7 15. Rxd6 Qxd6 16. Bb4 Qd7 17. Bxf8 Rxf8 18. Ne5 Qe8 19. Nd3 Bc8 20. Qb3 Ba6 21. Rc1 h5 22. f3 Qg6 23. Rc6 Bb7 24. Rxe6 Qg5 25. Nf4 h4 26. Kf2 hxg3+ 27. hxg3 Bc8 28. Re5 Bd7 29. Nxd5 Nh5 30. Nf6+ Kh8 31. Nxh5 Qxh5 32. Qd1 Rc8 33. Rc5 Rb8 34. Qh1 Qxh1 35. Bxh1 b4 36. axb4 Rxb4 37. Rc2 Ba4 38. Rd2 Bc6 39. d5 Bd7 40. e4 fxe4 41. fxe4 Rxe4 1-0

[Event "Landesklasse West 2024/25"]
[Site "?"]
[Date "2025.03.02"]
[Round "6.1"]
[White "Kirsch, Uwe"]
[Black "Hausknecht, Matthias"]
[Result "1/2-1/2"]
[WhiteElo "1919"]
[BlackElo "2214"]
[PlyCount "130"]
[EventDate "2024.09.15"]
[EventType "team-tourn"]
[EventRounds "9"]
[WhiteTeam "TSG Ruhla"]
[BlackTeam "SG Barchfeld/Breitungen"]

{[%evp 0,130,19,31,14,30,51,33,20,15,36,29,132,37,46,28,35,35,70,-51,-31,-57,26,34,46,47,53,33,41,18,40,-8,-1,10,-10,-4,11,-3,15,-27,-33,-40,-28,-35,-21,-23,-30,-27,-19,-35,-27,-27,-27,-26,-8,-30,-27,-23,-31,-23,-25,-31,-32,-25,-20,-20,-20,-20,-20,-20,0,-21,-21,-21,0,-21,0,-21,16,0,0,0,83,0,0,-16,0,-8,42,-17,-1,-8,7,3,36,35,0,-39,-43,-29,-29,-29,0,0,0,-34,-34,-34,-30,-33,-15,0,-10,-8,-13,0,-15,-27,-26,-19,-25,-29,-28,-40,0,0,13,16,18,19,18,17,22]} 1. d4 Nf6 2. Nf3 b6 3. g3 Bb7 4. Bg2 c5 5. c3 g5 6. O-O g4 7. Ne5 Bxg2 8. Kxg2 h5 9. c4 d6 10. Nd3 Nc6 11. d5 Ne5 12. Nxe5 dxe5 13. f3 Qd7 14. Nc3 O-O-O 15. e4 gxf3+ 16. Qxf3 h4 17. Qf5 hxg3 18. hxg3 Bh6 19. Qxd7+ Kxd7 20. Bxh6 Rxh6 21. Rh1 Rg6 22. Kf3 Rdg8 23. Rag1 Rg5 24. Rg2 R5g6 25. Rh4 Ne8 26. Rh5 f6 27. b3 Nd6 28. Rh7 Rg4 29. Rh4 R4g7 30. Rh5 a6 31. Na4 Kc7 32. g4 Kb7 33. Rh4 Rc8 34. Rc2 Rcg8 35. a3 Rc8 36. Rc1 Ka7 37. Rh2 Nb7 38. Nc3 Na5 39. Rb1 Rcg8 40. Rh4 Kb7 41. Na4 Kc7 42. Rb2 Kd6 43. Nc3 Rb8 44. a4 Kc7 45. Rb1 Rf8 46. Rh2 Rff7 47. Nd1 Rh7 48. Rxh7 Rxh7 49. Nf2 Nb7 50. Kg3 b5 51. axb5 axb5 52. b4 bxc4 53. bxc5 Nxc5 54. Rc1 Rh8 55. Rxc4 Kd6 56. Rb4 Ra8 57. g5 Rg8 58. Nh3 e6 59. dxe6 Nxe6 60. Rb6+ Kd7 61. Kf3 Rh8 62. Kg4 Rxh3 63. Kxh3 Nxg5+ 64. Kg4 Nxe4 65. Kf5 Nd6+ 1/2-1/2

[Event "Landesklasse West 2024/25"]
[Site "?"]
[Date "2025.03.02"]
[Round "6.2"]
[White "Messerschmidt, Nick"]
[Black "von Otte, Wilhelm"]
[Result "1/2-1/2"]
[WhiteElo "1959"]
[BlackElo "1900"]
[PlyCount "70"]
[EventDate "2024.09.15"]
[EventType "team-tourn"]
[EventRounds "9"]
[WhiteTeam "SG Barchfeld/Breitungen"]
[BlackTeam "TSG Ruhla"]

{[%evp 0,70,18,16,16,0,17,37,29,29,29,26,41,11,17,32,73,59,78,14,38,22,42,33,48,5,20,20,9,-91,4,-39,-14,24,37,0,0,-176,-2,-266,-260,-260,-210,-202,-214,-316,-295,-326,-326,-320,-183,-189,-141,-126,-102,-126,-105,-118,-92,-110,-91,-91,-47,-12,6,0,0,0,0,0,0,0,0]} 1. d4 d5 2. c4 e5 3. dxe5 d4 4. Nf3 Nc6 5. a3 a5 6. b3 Bg4 7. Nbd2 Bc5 8. Ne4 b6 9. Qd3 Bxf3 10. Qxf3 Nxe5 11. Qf5 Qe7 12. g3 g6 13. Qg5 f6 14. Qf4 Rd8 15. Bb2 f5 16. Nxc5 bxc5 17. O-O-O Nf6 18. Bg2 O-O 19. h3 a4 20. e3 axb3 21. exd4 Nxc4 22. Rhe1 Ne4 23. g4 Nxb2 24. Kxb2 Qg7 25. Qe5 cxd4 26. Qxg7+ Kxg7 27. gxf5 Nc3 28. Re7+ Kh6 29. Rd2 Rxf5 30. Rxc7 Rb5 31. Rc4 Kg5 32. Rdxd4 Nd1+ 33. Kb1 Nc3+ 34. Kb2 Nd1+ 35. Kb1 Nc3+ 1/2-1/2

[Event "Landesklasse West 2024/25"]
[Site "?"]
[Date "2025.03.02"]
[Round "6.3"]
[White "Thrän, Uwe"]
[Black "Trappe, Tilman"]
[Result "1-0"]
[WhiteElo "1748"]
[BlackElo "1701"]
[PlyCount "125"]
[EventDate "2024.09.15"]
[EventType "team-tourn"]
[EventRounds "9"]
[WhiteTeam "TSG Ruhla"]
[BlackTeam "SG Barchfeld/Breitungen"]

{[%evp 0,125,32,16,92,40,40,45,45,39,50,50,50,58,50,53,53,24,42,25,31,30,50,42,24,24,24,17,17,17,18,18,33,33,31,34,80,25,19,-23,-38,-33,-33,-33,-44,-735,-744,-768,-74,-68,-70,-116,-138,-209,-322,-295,-149,-138,-83,-113,-113,-154,-128,-134,-4,-4,-4,-12,0,0,0,0,0,0,0,0,34,-29,272,272,271,278,278,286,298,285,305,305,343,227,268,277,314,283,294,295,293,296,359,356,346,352,406,370,381,392,399,392,398,398,421,430,432,454,443,452,430,419,570,652,674,692,702,697,702,697,1934,1934]} 1. d4 f5 2. c4 Nf6 3. Nc3 e6 4. g3 d5 5. cxd5 exd5 6. Bg2 c6 7. Nf3 Bd6 8. Bg5 O-O 9. O-O Nbd7 10. e3 Re8 11. Ne2 h6 12. Bf4 Be7 13. h4 Ne4 14. Ne5 Nxe5 15. Bxe5 Bd6 16. Bxd6 Qxd6 17. Nf4 g5 18. hxg5 hxg5 19. Nd3 Qh6 20. Ne5 Kg7 21. Re1 Rh8 22. Bxe4 fxe4 23. Kf1 Bh3+ 24. Ke2 Raf8 25. Rh1 Qf6 26. Qg1 c5 27. Rc1 Qa6+ 28. Kd2 Qa5+ 29. Rc3 cxd4 30. exd4 Qb6 31. f4 exf3 32. Qe3 Qxb2+ 33. Rc2 Qxc2+ 34. Kxc2 Bf5+ 35. Kb2 Rxh1 36. Qxg5+ Kh8 37. Nxf3 Be4 38. Nh4 Rg8 39. Qh6+ Bh7 40. Ng6+ Rxg6 41. Qxh1 Rb6+ 42. Kc3 Rc6+ 43. Kd2 Rd6 44. Qf3 Kg7 45. Qf4 Rf6 46. Qg5+ Bg6 47. Qxd5 Rf7 48. Qe5+ Kf8 49. Qb8+ Kg7 50. Qxa7 Be4 51. Qc5 Bc6 52. Qe5+ Kg6 53. d5 Rd7 54. Qe6+ Kg7 55. d6 Rf7 56. g4 Bd7 57. Qe5+ Kg8 58. g5 Rg7 59. Qd5+ Kh7 60. Qxb7 Kg6 61. Qd5 Bf5 62. Qe5 Ra7 63. Qf6+ 1-0

[Event "Landesklasse West 2024/25"]
[Site "?"]
[Date "2025.03.02"]
[Round "6.4"]
[White "Theer, Tino"]
[Black "Fink, Klaus"]
[Result "1/2-1/2"]
[WhiteElo "1762"]
[BlackElo "1761"]
[PlyCount "20"]
[EventDate "2024.09.15"]
[EventType "team-tourn"]
[EventRounds "9"]
[WhiteTeam "SG Barchfeld/Breitungen"]
[BlackTeam "TSG Ruhla"]

{[%evp 0,20,32,16,25,0,45,52,44,42,49,55,57,56,50,45,71,59,46,22,37,-8,3]} 1. d4 e6 2. c4 f5 3. Nc3 Nf6 4. g3 Be7 5. Bg2 O-O 6. Nf3 d6 7. O-O c6 8. b4 Nbd7 9. Qc2 Nb6 10. Na4 Nxa4 1/2-1/2

[Event "Landesklasse West 2024/25"]
[Site "?"]
[Date "2025.03.02"]
[Round "6.5"]
[White "Brückmann, Volker"]
[Black "Crivellaro, Heiko"]
[Result "1/2-1/2"]
[WhiteElo "1728"]
[BlackElo "1821"]
[PlyCount "92"]
[EventDate "2024.09.15"]
[EventType "team-tourn"]
[EventRounds "9"]
[WhiteTeam "TSG Ruhla"]
[BlackTeam "SG Barchfeld/Breitungen"]

{[%evp 0,92,32,-25,45,44,52,44,42,44,55,45,50,45,50,50,57,60,106,109,85,88,82,89,92,83,87,56,103,45,75,37,106,72,109,31,27,37,31,38,34,30,26,0,89,79,75,69,106,103,87,70,206,107,256,224,336,348,365,273,290,281,377,351,568,633,1067,635,764,499,576,598,607,410,438,409,438,314,314,314,314,340,406,253,515,520,596,96,96,77,69,67,184,65,75]} 1. c4 f5 2. d4 e6 3. Nc3 Nf6 4. g3 Be7 5. Bg2 O-O 6. Nf3 d6 7. O-O c6 8. Qc2 Qe8 9. e4 fxe4 10. Nxe4 Nxe4 11. Qxe4 Qh5 12. a3 h6 13. b4 Bf6 14. Ra2 a5 15. Bd2 d5 16. Qd3 b6 17. b5 dxc4 18. Qxc4 Qxb5 19. Qxb5 cxb5 20. Ne5 Ra7 21. Rc1 Ba6 22. Bh3 Re8 23. Be3 Nd7 24. f4 Bxe5 25. fxe5 Kf7 26. Rac2 Ke7 27. Rc6 Nf8 28. d5 b4 29. Rc7+ Rxc7 30. Rxc7+ Kd8 31. Bxb6 Nd7 32. Bxa5 Nb8 33. Bxe6 Rxe6 34. Rc6+ Kd7 35. Rxe6 bxa3 36. Bc3 Bc4 37. Rd6+ Ke7 38. Rb6 Nd7 39. Re6+ Kf7 40. Rd6 Ke7 41. Rg6 Kf8 42. e6 Nf6 43. Bb4+ Kg8 44. Bxa3 Bxd5 45. e7 Bc6 46. Kf2 Be8 1/2-1/2

[Event "Landesklasse West 2024/25"]
[Site "?"]
[Date "2025.03.02"]
[Round "6.6"]
[White "Schmidt, Kevin"]
[Black "Voß, Ewald"]
[Result "0-1"]
[WhiteElo "1620"]
[BlackElo "1653"]
[PlyCount "104"]
[EventDate "2024.09.15"]
[EventType "team-tourn"]
[EventRounds "9"]
[WhiteTeam "SG Barchfeld/Breitungen"]
[BlackTeam "TSG Ruhla"]

{[%evp 0,104,32,16,30,-3,32,39,43,-27,6,4,40,44,53,42,57,57,60,37,38,37,79,79,79,78,78,69,67,10,45,5,33,45,34,45,51,41,89,95,82,75,73,39,54,0,30,14,71,82,81,75,124,86,94,93,222,209,185,174,240,268,277,219,323,0,0,-16,46,47,32,55,55,0,0,-68,-25,-157,-116,-107,-31,-117,-127,-132,-132,-224,-253,-295,-229,-222,-222,-291,-294,-313,-169,-169,-169,-207,-209,-209,-190,-300,-306,-701,-703,-727,-738]} 1. d4 d5 2. c4 c6 3. Nc3 Nf6 4. Bg5 e6 5. Nf3 Be7 6. e3 O-O 7. Bd3 dxc4 8. Bxc4 h6 9. Bf4 Nd5 10. Bg3 Bb4 11. Qc2 Nd7 12. O-O N7f6 13. a3 Be7 14. b4 Nh5 15. Be5 Nxc3 16. Qxc3 f6 17. Bg3 Nxg3 18. fxg3 f5 19. Ne5 Qe8 20. Qc2 Kh8 21. g4 Bd6 22. Rf2 Bxe5 23. dxe5 Bd7 24. Rd1 a5 25. Qd3 Rd8 26. Rfd2 axb4 27. axb4 Qg6 28. Qb3 b5 29. Be2 fxg4 30. Rxd7 Rxd7 31. Rxd7 g3 32. hxg3 Qxg3 33. Qxe6 Qf2+ 34. Kh2 Qxe2 35. Qg6 Rg8 36. e6 Qxe3 37. Rd3 Qe5+ 38. Kg1 Qe1+ 39. Kh2 Qe5+ 40. Kh1 Qe1+ 41. Kh2 Qxb4 42. Rh3 Qf4+ 43. Kh1 Qf1+ 44. Kh2 Qf4+ 45. Kh1 Ra8 46. Rg3 Ra1+ 47. Kh2 Qh4+ 48. Rh3 Qe7 49. Qf7 Ra7 50. Rf3 Qd6+ 51. Kg1 Rxf7 52. exf7 Qf8 0-1

[Event "Landesklasse West 2024/25"]
[Site "?"]
[Date "2025.03.02"]
[Round "6.7"]
[White "Hagen, Matthias"]
[Black "Heß, Wolfgang"]
[Result "1/2-1/2"]
[WhiteElo "1632"]
[BlackElo "1626"]
[PlyCount "24"]
[EventDate "2024.09.15"]
[EventType "team-tourn"]
[EventRounds "9"]
[WhiteTeam "TSG Ruhla"]
[BlackTeam "SG Barchfeld/Breitungen"]

{[%evp 0,24,32,32,28,32,57,56,70,55,102,113,110,83,67,51,85,64,79,69,90,92,84,83,122,106,130]} 1. e4 d5 2. exd5 Qxd5 3. Nc3 Qa5 4. d4 c6 5. Nf3 Bg4 6. Be2 Nf6 7. Bd2 Qc7 8. O-O h6 9. Re1 Nbd7 10. Ne5 Bxe2 11. Qxe2 Qd8 12. Rad1 Nb6 1/2-1/2

[Event "Landesklasse West 2024/25"]
[Site "?"]
[Date "2025.03.02"]
[Round "6.8"]
[White "Abe, Rico"]
[Black "Kabisch, Roland"]
[Result "1/2-1/2"]
[WhiteElo "1553"]
[BlackElo "1570"]
[PlyCount "48"]
[EventDate "2024.09.15"]
[EventType "team-tourn"]
[EventRounds "9"]
[WhiteTeam "SG Barchfeld/Breitungen"]
[BlackTeam "TSG Ruhla"]

{[%evp 0,48,16,24,54,46,50,26,20,47,28,9,24,10,27,23,-1,-12,-9,-10,1,13,18,18,22,-3,1,8,10,12,-3,-35,-26,-32,-20,-22,-17,-31,0,-4,50,60,40,40,40,35,31,21,29,0,30]} 1. e4 c5 2. Nf3 e6 3. d4 cxd4 4. Nxd4 Nc6 5. c3 d6 6. Bb5 Bd7 7. O-O Nf6 8. Re1 Be7 9. Nxc6 bxc6 10. Bd3 e5 11. h3 O-O 12. Be3 Be6 13. Nd2 Qc7 14. Qc2 Rad8 15. Bg5 h6 16. Bxf6 Bxf6 17. Nf3 Qd7 18. Kh2 d5 19. exd5 cxd5 20. Nxe5 Bxe5+ 21. Rxe5 Qd6 22. f4 f6 23. Ree1 Qxf4+ 24. Kg1 Bd7 1/2-1/2

[Event "Landesklasse West 2024/25"]
[Site "?"]
[Date "2025.03.02"]
[Round "6.1"]
[White "Minor, Viatcheslav"]
[Black "Kachel, Alfred"]
[Result "1/2-1/2"]
[WhiteElo "1981"]
[BlackElo "1860"]
[PlyCount "96"]
[EventDate "2024.09.15"]
[EventType "team-tourn"]
[EventRounds "9"]
[WhiteTeam "SV Wartburgstadt Eisenach"]
[BlackTeam "SC Rochade Leinefelde"]

{[%evp 0,96,19,24,69,43,43,15,22,30,5,-31,-5,-40,-9,-36,-27,-37,-22,-14,-11,-46,-4,-36,-32,-23,-9,-48,-52,-44,-50,-56,15,6,-8,-4,9,14,28,31,70,75,95,87,100,-2,-22,-53,6,-45,-38,-56,-46,-43,-42,-56,0,0,0,0,0,0,0,0,0,-54,0,-9,8,-68,-61,-80,-83,-54,-20,-51,3,-72,8,0,0,-8,23,0,-2,-3,0,-139,-55,-67,-87,-163,-134,-141,-141,-196,-112,-168,-125]} 1. e4 c6 2. d3 d5 3. Nd2 e5 4. Ngf3 Bd6 5. g3 Bg4 6. Bg2 f6 7. c3 Ne7 8. h3 Be6 9. O-O Nd7 10. Qe2 Qc7 11. a4 O-O 12. Re1 Rfe8 13. Nf1 dxe4 14. dxe4 Nc5 15. N3d2 b6 16. b4 Nb7 17. Nc4 Rad8 18. Nfe3 a5 19. Bd2 axb4 20. cxb4 b5 21. axb5 cxb5 22. Nxd6 Nxd6 23. Rec1 Qb7 24. f3 Qd7 25. Be1 Bxh3 26. Bxh3 Qxh3 27. Ra7 Qe6 28. Rcc7 Ndc8 29. Rab7 Nd6 30. Ra7 Ndc8 31. Rab7 Nd6 32. Rb6 Nec8 33. Ra6 Re7 34. Nd5 Rxc7 35. Nxc7 Qd7 36. Qa2+ Qf7 37. Nd5 h6 38. Bf2 Rd7 39. Bc5 Kh7 40. Kg2 h5 41. Ra8 f5 42. exf5 Nxf5 43. Nf6+ Qxf6 44. Rxc8 Rf7 45. Bf2 h4 46. Qa8 hxg3 47. Bxg3 Nxg3 48. Kxg3 Qf4+ 1/2-1/2

[Event "Landesklasse West 2024/25"]
[Site "?"]
[Date "2025.03.02"]
[Round "6.2"]
[White "Meitzner, Jonathan Franz"]
[Black "Mutka, Oleksandr"]
[Result "1/2-1/2"]
[WhiteElo "1760"]
[BlackElo "1791"]
[PlyCount "110"]
[EventDate "2024.09.15"]
[EventType "team-tourn"]
[EventRounds "9"]
[WhiteTeam "SC Rochade Leinefelde"]
[BlackTeam "SV Wartburgstadt Eisenach"]

{[%evp 0,110,19,-3,44,42,42,2,75,58,65,14,6,14,27,15,54,52,57,28,33,21,31,-26,19,22,22,-107,27,2,19,28,35,40,29,0,46,-8,4,0,54,20,52,21,30,21,14,0,0,4,43,4,-1,3,178,181,197,144,135,135,158,159,165,170,178,186,273,121,130,109,119,153,138,107,206,79,206,73,245,212,225,219,312,227,283,307,302,205,221,231,232,160,167,179,165,166,174,146,146,146,144,137,130,130,152,104,112,111,113,100,182,120,118]} 1. c4 f5 2. Nc3 Nf6 3. g3 g6 4. Bg2 Bg7 5. e3 e5 6. Nge2 O-O 7. O-O c6 8. d4 e4 9. Nf4 d6 10. Rb1 a5 11. Na4 Na6 12. Qb3 g5 13. Ne2 d5 14. Nb6 Ra7 15. Bd2 Nc7 16. Nxc8 Qxc8 17. a4 Ne6 18. Bh3 g4 19. Bg2 Ng5 20. Nf4 Qd7 21. Rbc1 dxc4 22. Qxc4+ Kh8 23. Qc5 Rfa8 24. Rfd1 Bf8 25. Qe5 Bg7 26. Qc5 Ne6 27. Qxf5 Nxf4 28. Qxf4 Re8 29. Qg5 Nd5 30. Qh5 b6 31. h3 Nf6 32. Qh4 Qf5 33. hxg4 Nxg4 34. Rf1 Bf6 35. Qh3 Rg7 36. Qh1 Rg6 37. Bh3 Rh6 38. Qg2 Rg8 39. Bxg4 Qxg4 40. Rxc6 Rg5 41. Bc3 Qf3 42. Qxf3 exf3 43. Rxf6 Rxf6 44. d5 Kg7 45. Bxf6+ Kxf6 46. Rd1 Ke7 47. Rd4 Kd6 48. e4 Ke5 49. Rc4 Rg7 50. Kh2 b5 51. axb5 Rb7 52. Kh3 Rxb5 53. Kg4 Rb3 54. Rc2 Rd3 55. Rc4 Rb3 1/2-1/2

[Event "Landesklasse West 2024/25"]
[Site "?"]
[Date "2025.03.02"]
[Round "6.3"]
[White "Arnold, Sebastian"]
[Black "Pfitzenreuter, Gerald"]
[Result "0-1"]
[WhiteElo "1678"]
[BlackElo "1863"]
[PlyCount "72"]
[EventDate "2024.09.15"]
[EventType "team-tourn"]
[EventRounds "9"]
[WhiteTeam "SV Wartburgstadt Eisenach"]
[BlackTeam "SC Rochade Leinefelde"]

{[%evp 0,72,19,32,20,20,35,17,24,-19,27,16,12,-5,-4,-50,-59,-46,-51,-25,1,8,0,-24,-38,-41,-41,-51,-29,-66,-57,-41,-49,-50,-60,-46,-56,-51,-58,-64,-66,-66,-41,-69,-54,-44,-64,-55,-55,-70,-85,-130,-121,-127,-150,-150,-150,-150,-159,-209,-205,-213,-228,-248,-241,-259,-256,-274,-274,-311,-315,-310,-314,-760,-802]} 1. d4 d5 2. Nf3 Nf6 3. e3 Bf5 4. c4 c6 5. Qb3 Qb6 6. Nc3 e6 7. Nh4 Qxb3 8. axb3 Bc2 9. c5 Bxb3 10. Bd3 Nbd7 11. Ra3 Bc4 12. Bxc4 dxc4 13. Ra4 b5 14. cxb6 Nxb6 15. Ra6 Nfd5 16. Nxd5 cxd5 17. Bd2 Be7 18. Nf3 Nd7 19. O-O Nb8 20. Ra4 f6 21. Rb1 Kd7 22. b3 cxb3 23. Rxb3 Rc8 24. Ra2 Nc6 25. Rab2 Rab8 26. Rb7+ Rxb7 27. Rxb7+ Rc7 28. Rb1 a5 29. h4 a4 30. Ra1 Ra7 31. Bc3 Bb4 32. Bxb4 Nxb4 33. Nd2 a3 34. Nb1 a2 35. Nc3 Ra3 36. Nb1 Rd3 0-1

[Event "Landesklasse West 2024/25"]
[Site "?"]
[Date "2025.03.02"]
[Round "6.4"]
[White "Hellrung, Bernhard"]
[Black "Graupner, Markus"]
[Result "1/2-1/2"]
[WhiteElo "1774"]
[BlackElo "1597"]
[PlyCount "30"]
[EventDate "2024.09.15"]
[EventType "team-tourn"]
[EventRounds "9"]
[WhiteTeam "SC Rochade Leinefelde"]
[BlackTeam "SV Wartburgstadt Eisenach"]

{[%evp 0,30,20,33,50,10,2,-26,-22,-4,-8,46,63,64,63,35,74,70,70,70,76,63,69,58,69,61,108,92,96,66,85,61,64]} 1. e4 c5 2. c3 d5 3. exd5 Qxd5 4. d4 cxd4 5. cxd4 Nc6 6. Nf3 e6 7. Be2 Bb4+ 8. Nc3 Nf6 9. O-O Bxc3 10. bxc3 O-O 11. c4 Qa5 12. Bb2 Ne7 13. Qc2 Ng6 14. g3 Rd8 15. Rfd1 Bd7 1/2-1/2